000
00324 a2200109 4500
001
ART_18416
005
20260410161701.0
008
260409a
245
1
0
_a
El pensamiento económico y la estructura impositiva
100
1
_a
Cuello, Raúl E.
773
0
_t
Revista Impuestos
_g
- Nº 1 (ene. 2013)
_w
REV639
999
_c
15223
_d
15223